Guía para el estudio de los monumentos esculpidos de Chinkultie; Chiapas
Furkejuvvon:
| Váldodahkki: | |
|---|---|
| Materiálatiipa: | Texto |
| Almmustuhtton: |
Ciudad Universitaria:
Libros de México S. A.
|
| Fáddágilkorat: |
Lasit fáddágilkoriid
Eai fáddágilkorat, Lasit vuosttaš fáddágilkora!
|
MARC
| LEADER | 00000 a a2200000 04500 | ||
|---|---|---|---|
| 001 | 14434 | ||
| 003 | |||
| 040 | |||
| 090 | |a EXTRAVIADO | ||
| 100 | |a Navarrete, Carlos | ||
| 245 | |a Guía para el estudio de los monumentos esculpidos de Chinkultie; Chiapas | ||
| 260 | |a Ciudad Universitaria: |b Libros de México S. A. | ||
| 300 | |a 193 p. | ||
| 999 | |c 13242 |d 13242 | ||
